|
|
|
|
| LEADER |
00742nab#a2200289#ar4500 |
| 001 |
000114213 |
| 003 |
SVKKK |
| 005 |
20141107084627.0 |
| 008 |
040621c2014 xr e cze |
| FMT |
|
|
|
| 038 |
|
|
|a SVKKK
|
| 040 |
|
|
|a SVKKK
|b slo
|e AACR2
|
| 041 |
0 |
|
|a cze
|
| 044 |
|
|
|a xr
|c CZ
|
| 080 |
|
|
|a 796.835
|2 2008
|
| 100 |
1 |
|
|a Poláková, Jana
|4 aut
|
| 245 |
1 |
0 |
|a Aby byli lepšími lidmi praví trenéři boxu
|c Jana Poláková
|
| 300 |
|
|
|b Fotogr.
|
| 650 |
0 |
4 |
|a kickbox
|z Karviná (Česko)
|
| 773 |
0 |
|
|t Romano hangos / Romský hlas
|g Roč. 16, č. 3 (2014), s. [1a3]
|
| 958 |
|
|
|a RQ
|
| 974 |
|
|
|a Fav
|
| 992 |
|
|
|a RBX
|
| BAS |
|
|
|
| 856 |
4 |
1 |
|u http://www.srnm.cz/images/PDF/RH/2014/RH0314.pdf
|
| 852 |
|
|
|a SVKKK
|b BIB
|
| 998 |
|
|
|a ROM
|